1884 1143 1383 1432 1564 1797 1899 1586 1265 1006 1107 1917 1024 1821 1604 1493 1247 1003 1787 1241 1944 1771 1418 1071 1358 1357 1540 1962 1110 1635 1986 1202 1765 1863 1643 1904 1141 1427 1030 1244 1577 1855 1875 1681 1598 1700 1444 1816 1108 1762 1782 1337 1339 1483 1263 1759 1328 1956 1429 1188 1952 1611 1791 1604 1104 1650 1030 1810 1752 1740 1019 1854 1110 1550 1445 1566 1626 1793 1603 1315 1763 1594 1954 1162 1695 1720 1400 1061 1382 1049 1349 1224 1792 1391 1413 1101 1673 1969 1098 BCNSPRNW ULIB Ver.6.0+V

เปลี่ยนเป็นภาษาไทย

Change to English
 แสดงรายละเอียดบรรณานุกรม
  กลับหน้าหลัก

Brief Record : Get Marc (ISO 2709) : E-mail record : QR code < ปิดหน้าต่าง
LEADER : 00000nam 2200000uu 4500
001    13399110189
003     ULIB
008    110425s2552||||th 000 0 tha d
020    9786115290000
060 04 WL346^bว678ค 2552
100 0  วิยะดา ศักดิ์ศรี
245 10 คู่มือกายภาพบำบัดผู้ป่วยอัมพาตครึ่งซีก /^cวิยะดา ศักดิ์ศรี, สุรัตน์ ธนานุภาพไพศาล
250    พิมพ์ครั้งที่ 1
260    กรุงเทพฯ :^bอัมรินทร์พริ้นติ้งแอนด์พับลิชชิ่ง,^c2552
300    274 หน้า :^bภาพประกอบ ;^c21 ซม.
650  7 อัมพาตครึ่งซีก^xกายภาพบำบัด
650  7 กายบริหาร
650  7 กายภาพบำบัด
650  7 การดูแลตนเอง
700 0  สุรัตน์ ธนานุภาพไพศาล
945    ^p185^l0^i026046
945    ^p185^l0^i026045
945    ^p185^l0^i026047
995    ทศพร
999 ^a ใช้งานได้ทุกระบบ
รายการนี้ยังไม่มีแท็ก
คุณยังไม่ได้ล็อกอิน คุณสามารถมีกิจกรรมร่วมกับเว็บไซต์ได้ แต่ต้องล็อกอินก่อน ::
  ล็อกอิน

รายการสื่อสารสนเทศ

ลำดับที่ ประเภท เลขเรียก/บาร์โค้ด สถานที่ สถานะ
- ไม่พบข้อมูล -

รายการใกล้เคียง
    ผู้แต่ง [วิยะดา ศักดิ์ศรี]

    หัวเรื่อง [กายบริหาร]
    หัวเรื่อง [กายภาพบำบัด]
    หัวเรื่อง [การดูแลตนเอง]

BibComment


ยังไม่เคยถูกคอมเมนท์

คอมเมนท์ทรัพยากรรายการนี้
  คอมเมนท์: คู่มือกายภาพบำบัด..


 Copyright 2026. Bcnsprnw @Library